Reforma Universitaria, subdesarrollo y dependencia
Zapisane w:
| 1. autor: | |
|---|---|
| Format: | Książka |
| Język: | hiszpański |
| Wydane: |
Santiago
Universitaria
1969
|
| Hasła przedmiotowe: | |
| Etykiety: |
Dodaj etykietę
Nie ma etykietki, Dołącz pierwszą etykiete!
|
MARC
| LEADER | 00000nam a2200000 a 4500 | ||
|---|---|---|---|
| 001 | UCW6948 | ||
| 003 | CL-VaPUC | ||
| 008 | 920723e19690000CL |||||||||||||||||spa|d | ||
| 082 | 0 | 4 | |a 378.983 |b SUN |2 21 |
| 100 | 0 | |a Sunkel, Osvaldo |e author |9 312034 | |
| 245 | 1 | 0 | |a Reforma Universitaria, subdesarrollo y dependencia |
| 300 | |a 46 p | ||
| 942 | |c BK | ||
| 945 | |d 19920723 00:00:00 | ||
| 260 | |a Santiago |b Universitaria |c 1969 | ||
| 650 | 0 | |a Reforma universitaria |9 307515 | |
| 650 | 0 | |a Educación superior |9 223851 | |
| 651 | 7 | |a CHILE |2 CL-VaPUC |9 312035 | |
| 583 | |a last modification |c 19920723 00:00:00 |k Rodrigo Vera | ||
| 999 | |c 219843 |d 219841 | ||
| 952 | |0 0 |1 0 |4 0 |6 378_983000000000000_SUN_1969 |7 0 |8 P |9 211238 |a BIBEDU |b BIBEDU |d 2019-11-15 |i 279487K |o 378.983 SUN 1969 |p 279487K |r 2019-11-15 |w 2019-11-15 |y BK |k EDU | ||